000 00878nam a22002537a 4500
005 20250701105904.0
008 250701b |||||||| |||| 00| 0 eng d
020 _a978-1-78330-666-4 (pbk)
037 _cTB
040 _aCRL
_cCRL
041 _2eng
_aeng
084 _a2N7:(D65,8(B)) R4
_qCRL
100 _aChowdhury, G. G.
245 _aInformation for sustainable development:
_bTechnology, people and society
260 _aLondon, UK:
_bFacet Publishing,
_c2024.
300 _axxiv, 264p.
365 _b60.00
_cUKP
650 _aLibrary Science
650 _aInformation
_9721657
650 _aComputer
700 _aChowdhury, Sudatta
_eauthor.
942 _2CC
_cTB
_h2N7:(D65,8(B)) R4
_n0
999 _c1433127
_d1433127